Welcome to the Holygrace Academy Library

Please use search bar below to get started

THE INK BLACK HEART (Record no. 9200)

MARC details
000 -LEADER
fixed length control field 00322nam a22001337a 4500
082 ## - DEWEY DECIMAL CLASSIFICATION NUMBER
Classification number 823
Item number GAL/I
100 ## - MAIN ENTRY--AUTHOR NAME
Personal name GALBRAITH, ROBERT
245 ## - TITLE STATEMENT
Title THE INK BLACK HEART
246 ## - VARYING FORM OF TITLE
Title proper/short title THE INK BLACK HEART
Remainder of title THE INK BLACK HEART
260 ## - PUBLICATION, DISTRIBUTION, ETC. (IMPRINT)
Place of publication LONDON
Name of publisher LITTLE BROWN
Year of publication 2022
300 ## - PHYSICAL DESCRIPTION
Number of Pages 1012
650 ## - SUBJECT ADDED ENTRY--TOPICAL TERM
Topical Term ENGLISH FICTION
942 ## - ADDED ENTRY ELEMENTS (KOHA)
Koha item type Books
Holdings
Withdrawn status Lost status Collection code Home library Current library Date acquired Source of acquisition Full call number Accession Number Koha item type
    ENGLISH FICTION Main Library Main Library 24/02/2026 CONTRIBUTION 823 GAL/I 13912 Books